zpět

Detail výsledku týmu

Pivovar Born, Nový Bor

Datum a čas kvízu

39 Celkem bodů Celkový počet nahraných bodů na tomto kvízu bez doplňovacích otázek.
1. Pořadí na kvízu Konečné umístění týmu na tomto kvízu.

Zaznamenané odpovědi

# Otázka Odpověď Body Výsledky
1. „Pro ___. Ne pro ___." Doplňte... vás; politiky 0.5
2. Na internetu se minulý týden o... A 1
3. Ve čtvrtek vyšel trailer na no... bude černobílá 0
4. Jedna automobilka představila... Ferrari 1
5. Ze kterého města pochází tým,... ze Seattlu 0
6. Hned v úvodu bod rozdělíme: za... Ulánbátar; Altaj 0.5
7. Z následujících možností vyber... A 1
8. Jak se jmenuje hudební skupina... The Hu 1
9. Tato obydlí se v Mongolsku ozn... jurta 1
10. Do Mongolska zasadila děj svéh... babičce 0